000 01103nam a22003137a 4500
003 CHAP
005 20220329143556.0
008 100616s2009 us a r 00010 spa d
010 _a98734
011 _a99706
035 _a110392
040 _cCHAP
090 _aFolleto 17721
245 0 0 _aÍndice global del hambre :
_bel desafío del hambre : énfasis en la crisis financiera y la desigualdad de género
_c/por Klaus von Grebmer ...[et al.]
260 _aWashington, DC :
_bIFPRI,
_c2009
300 _a45 p. :
_bilus., cuadros, gráfs.
590 _aBATCH-UPD
_b10
_c20130110
_lUCH01
_h1346
590 _aBATCH-UPD
_b10
_c20130410
_lUCH01
_h0844
590 _aBATCH-UPD
_b10
_c20130914
_lUCH01
_h1058
590 _aCONVERSION
_b10
_c20130109
_lUCH01
_h1355
650 1 4 _aCrisis económica.
_928975
650 1 4 _aEnfoque de género.
_936945
650 1 4 _aHambre.
_952413
700 1 _aGrebmer, Klaus von
_950531
901 _aBK
942 _cFOLL
949 _aFolleto 17721
_bBC
_cFOLL
_d33724002174702
_eTS1
_i110392
_sb
949 _aFolleto 17721
_bBC
_cFOLL
_d33724002176769
_eTS2
_fc.2
_h113435
_i110392
_sb
999 _c98734
_d98734